=LDR 00000nam 2200000 4500 =001 INLIS000000000009247 =005 20200330014121 =035 ##$$a 0010-061300000009247 =008 200330################g##########0#ind## =041 ##$$a Ind =082 ##$$a 234.2 =090 ##$$a 234.2, Had-i =100 ##$$a Hadiwijono, H =245 1#$$a Iman kristen /$c Dr.H. Hadiwijono =260 ##$$a Jakarta :$b Gunung Mulia,$c 1992 =300 ##$$a 509 hlm. ; $c 14 x 21 cm =650 #4$$a Iman-kristen =850 ##$$a NBPNMAT =020 ##$$a 979-415-352-4 =084 ##$$a 234.2 HAD i =250 ##$$a Cet. 9 =990 ##$$a DW00022946 =990 ##$$a 60.507/Pro-93 =990 ##$$a DW00022948 =990 ##$$a DW00022948 =990 ##$$a DW00022946 =990 ##$$a 60.507/Pro-93